Statistics for March 24th: Birthdays

Click here to take the quiz!

General Stats

  • This quiz has been taken 8 times
  • The average score is 3 of 13

Answer Stats

YearClueAnswer% Correct
1976Football Player for Colts/BroncosPeyton Manning
88%
1973Actor on The Big Bang TheoryJim Parsons
75%
1909Part of Bonnie and ClydeClyde Barrow
63%
1947Owner of Tottenham HotspurAlan Sugar
13%
1911Produced Tom and JerryJoseph Barbera
13%
1855Secretary of TreasuryAndrew Mellon
0%
1944Won the AL Cy Young AwardDenny McLain
0%
1912Civil Rights ActivistDorothy Height
0%
1874Magician/Escape ArtistErich Weiss
0%
1733Discovered carbonated waterJoseph Priestley
0%
1951US Open winnerPat Bradley
0%
1930Nicknamed "King of Cool"Steve McQueen
0%
1902Governor of NYThomas Dewey
0%

Score Distribution

Percentile by Number Answered

Percent of People with Each Score

Your Score History

You have not taken this quiz